Inazuma Eleven and GO tactics used by teams - Statistics

General Stats
  • This quiz has been taken 47 times
  • The average score is 5 of 26
Answer Stats
Team that mainly uses this tactic Answer % Correct
Big Waves Box Lock
57%
Occult Junior High Ghost Lock
40%
Inazuma Japan (Hurley Kane) The Tube
40%
The Kingdom Amazon Wave
37%
Orpheus Catenaccio Counter
34%
Queen's Knights Invincible Lance
34%
Raimon(GO)- Riccardo di Rigo Virtuoso
31%
Queen's Knights Absolute Knights
29%
Inazuma Japan Dual Typhoon
29%
Fire Dragon Perfect Zone Press
29%
Unicorn Rolling Thunder
26%
Alpine Junior High(GO) Absolute Barrier
23%
Inazuma Japan Sky's the limit
23%
Inazuma Japan (Nathan Swift) Banana Shoot
20%
Raimon (GO) Twin Wings
20%
Raimon(GO) Thunderbolt
14%
Little Gigantes Circular Drive
9%
Lunar Sea Military Academy Track Cycling
9%
Inazuma Japan Trapdance
9%
Kirkwood Junior High(GO) Trinity Force
6%
Raimon(GO) Upsy-Daisy
6%
The Empire Andes Antilion
3%
Shuriken Junior High Crane Wing Formation
3%
Team Ogre Dark Thunder
3%
Farm Junior High Full Moon Formation
3%
Team Zoolan Royal Road
3%
No matching quizzes found
Score Distribution
Percent of People with Each Score
Percentile by Number Answered
Your Score History
You have not taken this quiz